000 00993nam a2200265Ia 4500
003 OSt
005 20221005111416.0
006 a|||||r|||| 00| 0
007 ta
008 221004b |||||||| |||| 00| 0 hin d
020 _a9789350009550 (hbk)
_c395
024 _a6889
037 _b94, 05/09/2013, Vani Prakashan
_cTextual
040 _aCRL
_cCRL
_bhin
041 _2hin
_ahin
082 _aO152,1NDH:g, M0;Q2
100 _aराजपाल, हुकुमचन्द
245 0 _aसमकालीन बोध और धूमिल का काव्य
246 _aSamakālīn bodh aur dhūmil kā kāvya
260 _aनई दिल्ली
_bवाणी प्रकाशन भारत
_c2012
300 _a207पृ0
_ccm.
650 _aहिन्दी साहित्य
942 _hO152,1NDH:g, M0;Q2
_cTEXL
_2cc
999 _c1021761
_d1021761